Cyprus and the war of Greek independence 1821-1829
Αποθηκεύτηκε σε:
| Κύριος συγγραφέας: | |
|---|---|
| Άλλοι συγγραφείς: | |
| Μορφή: | Βιβλίο |
| Γλώσσα: | English |
| Δημοσίευση: |
Athens :
Zeno Booksellers & Publishers,
1974
|
| Έκδοση: | Rev. and enl. ed. |
| Θέματα: | |
| Ετικέτες: |
Προσθήκη ετικέτας
Δεν υπάρχουν, Καταχωρήστε ετικέτα πρώτοι!
|
MARC
| LEADER | 00000cam a2200000 i 4500 | ||
|---|---|---|---|
| 001 | 1/56625 | ||
| 008 | 961118r19741971 eng d | ||
| 020 | |a 0-900834-81-1 (hbk.) | ||
| 020 | |a 0-900834-82-X (pbk.) | ||
| 035 | |l 10028055 | ||
| 040 | |a GR-MY-UA |b gre |e aacr | ||
| 041 | 0 | |a eng | |
| 082 | 0 | |a 956.45 | |
| 100 | 1 | |a Koumoulides, John T. A., |d 1938- | |
| 245 | 1 | 0 | |a Cyprus and the war of Greek independence 1821-1829 / |c Ι.Τ. Κουμουλίδης |
| 250 | |a Rev. and enl. ed. | ||
| 260 | |a Athens : |b Zeno Booksellers & Publishers, |c 1974 | ||
| 300 | |a 118 σ. | ||
| 504 | |a Περιλαμβάνει βιβλιογραφία και ευρετήριο | ||
| 651 | 0 | |a Cyprus |x History |y 19th century. | |
| 651 | 0 | |a Greece |x History |y War of Independence, 1821-1829. | |
| 700 | 1 | |a Dakin, Douglas. |4 aui | |
| 852 | |a INST |b CHIOS |e 19961118 |h 956.45 KOU |p 005200010937 |q 005200010937 |t BK |y 0 | ||
| 909 | |a Χ |b 047912 | ||